00578nam a22001937a 450000500170000001000150001702000260003203500140005803700130007208200110008510000230009624500870011925000120020626000300021827000680024830000320031650000190034870000170036720171122142715.0 aENG-121187 a9788120353459c525.00 aEN-104719 bDBAD/PUB a629.04 aChakroborty,Partha aPrinciples of transportation engineering /cby Partha Chakroborty [and] Animas Das a2nd ed. aDelhibPHI Learningc2017 aRImjhim House, 111, Patparganj Industrial EstatebDelhie110092 axvi,544p.:c25cm(pbk)bill. aIncludes index aDas, Animas